[Event "Solingen"]
[Site "IX. Karnevals-Open"]
[Date "2018.02.10"]
[Round "3.35"]
[White "Ehringfeld, Michael"]
[Black "Herrmann, Markus"]
[Result "0-1"]
[WhiteElo "1624"]
[BlackElo "1774"]
[PlyCount "112"]
[EventDate "2018.??.??"]
[WhiteTeam "SG Solingen"]
[BlackTeam "Digo Help Geilenkichen"]

1. d4 Nc6 2. Nf3 d6 3. e4 Nf6 4. Nc3 g6 5. Bb5 Bd7 6. d5 Ne5 7. Bxd7+ Nexd7 8.
O-O Bg7 9. Re1 O-O 10. Be3 a6 11. a4 Re8 12. Qd2 e5 13. b4 Ng4 14. Bg5 f6 15.
Bh4 Nh6 16. h3 Nf7 17. Qd3 g5 18. Bg3 a5 19. Qb5 axb4 20. Qxb4 Nc5 21. h4 Qd7
22. a5 Reb8 23. Na4 b6 24. Nxc5 dxc5 25. Qc3 g4 26. Nd2 Nd6 27. axb6 cxb6 28.
Rxa8 Rxa8 29. Ra1 Qb7 30. Rxa8+ Qxa8 31. Qb3 Qa6 32. c4 Bh6 33. f4 gxf3 34.
Qxf3 Bg7 35. Qg4 Qc8 36. Qf3 Qd7 37. Qa3 Kf7 38. Qf3 Ke7 39. Qh5 h6 40. Qg6 Kd8
41. Kf2 Ne8 42. h5 b5 43. cxb5 Qxb5 44. Qg4 Qb2 45. Qe2 Nd6 46. Kg1 c4 47. Qg4
Ne8 48. Nxc4 Qd4+ 49. Bf2 Qxc4 50. Bb6+ Ke7 51. Qe6+ Kf8 52. Bd8 Qb4 53. Qd7
Qd6 54. Qc8 Qb4 55. Bc7 Qc5+ 56. Kh2 Qxc7 0-1

[Event "Solingen"]
[Site "IX. Karnevals-Open"]
[Date "2018.02.10"]
[Round "3.36"]
[White "Rades, Andreas"]
[Black "Signorile, Paolo"]
[Result "1-0"]
[WhiteElo "1514"]
[BlackElo "1388"]
[PlyCount "71"]
[EventDate "2018.??.??"]
[WhiteTeam "MTV Langenberg"]
[BlackTeam "TSV Hagen"]

1. Nf3 Nf6 2. g3 b6 3. Bg2 Bb7 4. O-O e6 5. d4 d6 6. c4 Nbd7 7. Nc3 Be7 8. Bf4
O-O 9. Rc1 Ne4 10. Qd3 f5 11. Rfd1 Nxc3 12. Qxc3 Rb8 13. b4 Bf6 14. Qe1 g5 15.
Be3 Qe7 16. Qd2 g4 17. Ne1 Bxg2 18. Kxg2 h5 19. c5 Rfd8 20. cxd6 cxd6 21. Rc7
a6 22. Rdc1 Qe8 23. Bg5 Qg6 24. Bxf6 Qxf6 25. Ra7 Ra8 26. Rcc7 Rxa7 27. Rxa7
Nb8 28. Rb7 b5 29. Qc3 Nd7 30. Qc7 Qe7 31. e3 Kf8 32. Nd3 Ke8 33. Nf4 h4 34. h3
hxg3 35. fxg3 e5 36. Nd5 {ZÜ} 1-0

[Event "Solingen"]
[Site "IX. Karnevals-Open"]
[Date "2018.02.10"]
[Round "3.37"]
[White "Coenen, Siegfried"]
[Black "Reinacher, Detlev"]
[Result "1-0"]
[WhiteElo "1921"]
[BlackElo "1661"]
[PlyCount "167"]
[EventDate "2018.??.??"]
[WhiteTeam "SG Hochneukirch"]
[BlackTeam "SC Hansa Dortmund"]

1. e4 d6 2. d4 g6 3. f4 Bg7 4. Nc3 Nf6 5. Be2 O-O 6. e5 dxe5 7. fxe5 Nd5 8. Nf3
Nxc3 9. bxc3 c5 10. O-O Nc6 11. Be3 Qc7 12. Qe1 Bf5 13. Rc1 Qa5 14. Qh4 h5 15.
Bd2 Qxa2 16. Ng5 Bxc2 17. Rf2 Rad8 18. Be3 cxd4 19. cxd4 Qb3 20. Rf3 Qb2 21.
Qf2 Nxd4 22. Bf1 Nxf3+ 23. Nxf3 Rc8 24. Ne1 Qxe5 25. Nxc2 b6 26. Re1 Qc3 27.
Nd4 Rfd8 28. Nf3 Qa3 29. g3 Bc3 30. Ng5 Bf6 31. Ne4 Rc6 32. Bg2 Re6 33. Bf3 Rd3
34. Kg2 Bg7 35. Bc1 Qb4 36. Bd2 Qb3 37. Bd1 Qa3 38. Ng5 Rf6 39. Qe2 e6 40. Bc2
Rd5 41. Bc1 Qb4 42. Be4 Rc5 43. Bd2 Qb2 44. Kh3 Bh6 45. Nf3 Bxd2 46. Nxd2 e5
47. Bd3 Rd6 48. Ne4 Qxe2 49. Bxe2 Rdc6 50. Nxc5 Rxc5 51. Rd1 Rc7 52. Bf3 Kg7
53. Kh4 Kh6 54. Rd6 Rc4+ 55. Kh3 Rc7 56. Be4 Kg5 57. Kg2 f5 58. h4+ Kh6 59.
Bxf5 Rg7 60. Be4 Kh7 61. Kf3 Kh6 62. Ke3 Kh7 63. Bd3 Kh6 64. Ke4 Re7 65. Kd5
Rg7 66. Kxe5 Re7+ 67. Kf6 Rg7 68. Rd8 Kh7 69. Kg5 Rc7 70. Bxg6+ Kg7 71. Rd5 a5
72. Bxh5 a4 73. Bd1 a3 74. Bb3 Ra7 75. Ba2 Kf8 76. g4 Rg7+ 77. Kf4 Ke7 78. g5
Rf7+ 79. Rf5 Rh7 80. Kg4 Kd6 81. Rf3 Ke5 82. g6 Rg7 83. Kg5 Rc7 84. Rxa3 1-0

[Event "Solingen"]
[Site "IX. Karnevals-Open"]
[Date "2018.02.11"]
[Round "4.1"]
[White "Michalczak, Thomas"]
[Black "Marcziter, Dr. Dmitrii"]
[Result "1/2-1/2"]
[WhiteElo "2283"]
[BlackElo "2277"]
[PlyCount "53"]
[EventDate "2018.??.??"]
[WhiteTeam "SG Solingen"]
[BlackTeam "DJK Aufwärts Aachen"]

1. e4 c5 2. Nf3 a6 3. c4 e6 4. d4 cxd4 5. Nxd4 Nf6 6. Nc3 Qc7 7. Be2 b6 8. O-O
Bb7 9. f3 Bd6 10. Kh1 Be7 11. Be3 d6 12. Qd2 Nbd7 13. Rfc1 O-O 14. a4 Rab8 15.
b4 Rfe8 16. a5 bxa5 17. Rxa5 Rec8 18. Nd1 Qd8 19. Nb3 d5 20. exd5 Bxd5 21. cxd5
Bxb4 22. Rxc8 Qxc8 23. Qa2 Bxa5 24. dxe6 Bb6 25. exd7 Qxd7 26. Bxb6 Rxb6 27.
Nc5 1/2-1/2

[Event "Solingen"]
[Site "IX. Karnevals-Open"]
[Date "2018.02.11"]
[Round "4.2"]
[White "Chittka, Julius"]
[Black "Coenen, Michael"]
[Result "1/2-1/2"]
[WhiteElo "2182"]
[BlackElo "2365"]
[PlyCount "70"]
[EventDate "2018.??.??"]
[WhiteTeam "SF Düsseldorf-Süd"]
[BlackTeam "Düsseldorfer SK"]

1. d4 d6 2. Nf3 g6 3. c4 Bg4 4. g3 Bxf3 5. exf3 Bg7 6. Bg2 c6 7. O-O Qb6 8. Be3
Qxb2 9. Nd2 Qb6 10. Rb1 Qc7 11. Qb3 b6 12. c5 bxc5 13. dxc5 d5 14. Rfe1 Nd7 15.
Bf4 e5 16. Bxe5 Nxe5 17. f4 Ne7 18. fxe5 O-O 19. Qb7 Qxb7 20. Rxb7 Nf5 21. Nf3
Rfb8 22. Reb1 Rxb7 23. Rxb7 Bf8 24. Rc7 Rb8 25. Bh3 Ne7 26. Nd4 Rb4 27. Nxc6
Nxc6 28. Rxc6 Rc4 29. Rc8 Rxc5 30. Rxc5 Bxc5 31. Bg2 d4 32. Be4 Kf8 33. Kf1 Ke7
34. Ke2 Ke6 35. f4 f6 1/2-1/2

[Event "Solingen"]
[Site "IX. Karnevals-Open"]
[Date "2018.02.11"]
[Round "4.3"]
[White "Wegerle, Jörg"]
[Black "Terhuven, Patrick"]
[Result "1-0"]
[WhiteElo "2420"]
[BlackElo "2112"]
[PlyCount "53"]
[EventDate "2018.??.??"]
[WhiteTeam "SG Solingen"]
[BlackTeam "Krefelder SK Turm"]

1. e4 c5 2. Nc3 g6 3. f4 Bg7 4. Nf3 Nc6 5. Bb5 Nd4 6. O-O a6 7. Bc4 e6 8. Nxd4
cxd4 9. Ne2 Ne7 10. Bd3 d5 11. e5 O-O 12. c3 f6 13. cxd4 Qb6 14. b3 fxe5 15.
fxe5 Nc6 16. Rxf8+ Bxf8 17. Kh1 Nxd4 18. Bb2 Nc6 19. Nf4 Bg7 20. Qg4 Nxe5 21.
Bxe5 Bxe5 22. Rf1 Qd4 23. Bxg6 hxg6 24. Qxg6+ Kh8 25. Qh6+ Kg8 26. Nxd5 Qc5 27.
Qg5+ 1-0

[Event "Solingen"]
[Site "IX. Karnevals-Open"]
[Date "2018.02.11"]
[Round "4.4"]
[White "Dresen, Ulrich"]
[Black "Naundorf, Maik"]
[Result "1-0"]
[WhiteElo "2221"]
[BlackElo "2160"]
[PlyCount "51"]
[EventDate "2018.??.??"]
[WhiteTeam "SF Gerresheim"]
[BlackTeam "Elberfelder SG"]

1. d4 Nf6 2. Bg5 c5 3. Bxf6 gxf6 4. d5 f5 5. c4 Bg7 6. Nc3 d6 7. e3 b5 8. cxb5
Qa5 9. Qd2 a6 10. bxa6 Bxa6 11. Bxa6 Nxa6 12. Nge2 Rb8 13. O-O O-O 14. Rab1
Rfd8 15. Rfd1 Nc7 16. Qc2 e6 17. Rd2 f4 18. Nxf4 Bxc3 19. bxc3 Qxc3 20. Rbd1
Qxc2 21. Rxc2 e5 22. Ne2 Rb4 23. Ng3 Nxd5 24. Rxd5 Rb1+ 25. Nf1 Rdb8 26. g4 1-0

[Event "Solingen"]
[Site "IX. Karnevals-Open"]
[Date "2018.02.11"]
[Round "4.5"]
[White "Knudsen, Simon"]
[Black "Nagel, Bernhard"]
[Result "1/2-1/2"]
[WhiteElo "2084"]
[BlackElo "2206"]
[PlyCount "81"]
[EventDate "2018.??.??"]
[WhiteTeam "SF Brackel"]
[BlackTeam "Kölner SK Dr. Lasker"]

1. e4 c6 2. d4 d5 3. e5 Bf5 4. Nf3 e6 5. Be2 c5 6. Be3 cxd4 7. Nxd4 Ne7 8. O-O
Nbc6 9. c4 Nxd4 10. Bxd4 Nc6 11. Bf3 Be4 12. Bxe4 dxe4 13. Bc3 Bc5 14. Qg4 e3
15. fxe3 Bxe3+ 16. Kh1 Qg5 17. Qxg5 Bxg5 18. Na3 a6 19. c5 O-O 20. Nc4 Rad8 21.
Nd6 Rd7 22. Rad1 f6 23. Ne4 Rxd1 24. Rxd1 h6 25. exf6 Bxf6 26. Bxf6 gxf6 27.
Rd7 Rf7 28. Kg1 Ne5 29. Rxf7 Kxf7 30. Nd6+ Ke7 31. Nxb7 Nd3 32. b3 Kd7 33. a3
Kc7 34. Na5 Nxc5 35. Kf2 Kd6 36. b4 Nd3+ 37. Ke2 Nf4+ 38. Kf3 Nd3 39. Ke2 Nf4+
40. Kf3 Nd3 41. Ke2 1/2-1/2

[Event "Solingen"]
[Site "IX. Karnevals-Open"]
[Date "2018.02.11"]
[Round "4.6"]
[White "Küppers, Timo"]
[Black "Gutkin, Ilya"]
[Result "1-0"]
[WhiteElo "2194"]
[BlackElo "1891"]
[PlyCount "97"]
[EventDate "2018.??.??"]
[WhiteTeam "SF Essen-Katernberg"]
[BlackTeam "ESK WD Wedau"]

1. Nf3 d5 2. c4 e6 3. g3 c6 4. Bg2 dxc4 5. a4 Nf6 6. Qc2 Bd6 7. Na3 O-O 8. Nxc4
Bc7 9. b4 Re8 10. d4 Nbd7 11. Bb2 Nb6 12. Nce5 Nbd5 13. b5 Ba5+ 14. Nd2 Bd7 15.
bxc6 Bxc6 16. Nxc6 Rc8 17. O-O Rxc6 18. Qd3 Nb4 19. Qb3 Nbd5 20. Nc4 Qc7 21.
Rfc1 Rc8 22. Nxa5 Qxa5 23. Rxc6 bxc6 24. e4 Nb6 25. Bc3 Qh5 26. a5 Nbd7 27. Qb7
Rb8 28. Qxc6 Nf8 29. d5 Ng4 30. h3 Ne5 31. Qd6 Nfd7 32. dxe6 fxe6 33. Qxe6+ Qf7
34. Qxf7+ Kxf7 35. f4 Nc4 36. e5 Ne3 37. Bf3 Rb3 38. Bd4 Rd3 39. Bxe3 Rxe3 40.
Kf2 Rc3 41. e6+ Kxe6 42. Bg4+ Ke7 43. Re1+ Kd8 44. Rd1 Rc2+ 45. Ke3 Rc3+ 46.
Ke4 Rc4+ 47. Kd5 Rc3 48. Ke6 Re3+ 49. Kf7 1-0

[Event "Solingen"]
[Site "IX. Karnevals-Open"]
[Date "2018.02.11"]
[Round "4.7"]
[White "Neubauer, Jürgen"]
[Black "Peschel, Andreas"]
[Result "1/2-1/2"]
[WhiteElo "2046"]
[BlackElo "2185"]
[PlyCount "119"]
[EventDate "2018.??.??"]
[WhiteTeam "SK Turm Euskirchen"]
[BlackTeam "SG Solingen"]

1. e4 g6 2. d4 Bg7 3. f4 d5 4. e5 Nh6 5. Nf3 Bg4 6. Bd3 O-O 7. c3 f6 8. O-O
fxe5 9. fxe5 e6 10. Qe1 Bxf3 11. Rxf3 Rxf3 12. gxf3 c5 13. Be3 Nc6 14. Na3 Qe7
15. Qg3 cxd4 16. cxd4 a6 17. Nc2 Rf8 18. Bd2 Nf5 19. Qg4 Qf7 20. Bxf5 Qxf5 21.
Qxf5 Rxf5 22. Kg2 Rf8 23. Rc1 Re8 24. Be3 Ne7 25. Nb4 Nf5 26. Bf2 Re7 27. Nd3
Kf7 28. Rc8 Bh6 29. f4 g5 30. Kf3 gxf4 31. Nxf4 Bxf4 32. Kxf4 Kg6 33. Rf8 Rf7
34. Rxf7 Kxf7 35. Kg5 b5 36. Kh5 a5 37. a3 Kg7 38. Kg5 a4 39. h4 Ne7 40. Be1
Nc6 41. Bc3 h6+ 42. Kh5 Kh7 43. Kg4 Kg6 44. h5+ Kf7 45. Kf3 Ne7 46. Bd2 Nf5 47.
Be3 Ke7 48. Bf2 Ng7 49. Kg4 Kd7 50. Be3 Nf5 51. Bxh6 Nxd4 52. Be3 Nc6 53. Bf4
Ke7 54. Kg5 Kf7 55. h6 Ne7 56. h7 Ng6 57. Kh6 d4 58. Bd2 d3 59. Bb4 Nh8 60. Bd2
1/2-1/2

[Event "Solingen"]
[Site "IX. Karnevals-Open"]
[Date "2018.02.11"]
[Round "4.8"]
[White "Vranidis, Georgios"]
[Black "Görke, Joachim"]
[Result "0-1"]
[WhiteElo "1941"]
[BlackElo "2122"]
[PlyCount "102"]
[EventDate "2018.??.??"]
[WhiteTeam "SC Solingen 28"]
[BlackTeam "SG Solingen"]

1. Nf3 f5 2. g3 Nf6 3. Bg2 Nc6 4. O-O e5 5. d3 d6 6. Nc3 Be7 7. e4 fxe4 8. Nxe4
Nxe4 9. dxe4 O-O 10. Qd5+ Kh8 11. h4 h6 12. c3 Rf6 13. Nh2 Be6 14. Qd1 Qg8 15.
b3 a5 16. Ng4 Rff8 17. Ne3 Bd8 18. Nd5 Ne7 19. c4 a4 20. Be3 b6 21. Qh5 Bf7 22.
Qg4 Be6 23. Qh5 Qf7 24. Qxf7 Rxf7 25. Rfc1 Nc8 26. Nc3 a3 27. f4 exf4 28. Bxf4
Ra5 29. Rf1 Bf6 30. Rac1 Ne7 31. Nd5 Bd4+ 32. Be3 Rxd5 33. cxd5 Bxe3+ 34. Kh2
Bxc1 35. Rxc1 Bg4 36. Rxc7 g6 37. Ra7 Kg7 38. Kg1 Nc8 39. Rxa3 Ra7 40. Rxa7+
Nxa7 41. Kf2 Kf6 42. Ke3 Ke5 43. Bf1 Bd7 44. a4 b5 45. axb5 Nxb5 46. Bg2 Nd4
47. b4 Nc2+ 48. Kd2 Nxb4 49. Kc3 Na6 50. Kd3 Nc5+ 51. Ke3 Ba4 0-1

[Event "Solingen"]
[Site "IX. Karnevals-Open"]
[Date "2018.02.11"]
[Round "4.9"]
[White "Gula, Julian"]
[Black "Jacobi, Niklas"]
[Result "1/2-1/2"]
[WhiteElo "2101"]
[BlackElo "1926"]
[PlyCount "59"]
[EventDate "2018.??.??"]
[WhiteTeam "SF Düsseldorf-Süd"]
[BlackTeam "SV Wesel"]

1. Nf3 c5 2. b3 Nf6 3. Bb2 g6 4. e3 Bg7 5. c4 Nc6 6. Be2 O-O 7. O-O d6 8. d3
Bd7 9. Nc3 a6 10. Qd2 Rb8 11. Nd5 Nxd5 12. cxd5 Ne5 13. d4 Nxf3+ 14. Bxf3 b5
15. dxc5 Bxb2 16. Qxb2 dxc5 17. Rac1 Qb6 18. Rfd1 Rfd8 19. e4 b4 20. Be2 Bb5
21. Bc4 Rb7 22. Qe2 Rbd7 23. Qe3 Rc7 24. e5 Bxc4 25. Rxc4 Qc6 26. Qf3 Rcd7 27.
d6 Qc7 28. Qd5 exd6 29. e6 fxe6 30. Qxe6+ 1/2-1/2

[Event "Solingen"]
[Site "IX. Karnevals-Open"]
[Date "2018.02.11"]
[Round "4.10"]
[White "Gerlach, Felix"]
[Black "Scholzen, Wolfgang"]
[Result "1/2-1/2"]
[WhiteElo "1893"]
[BlackElo "2062"]
[PlyCount "32"]
[EventDate "2018.??.??"]
[WhiteTeam "SF Brackel"]
[BlackTeam "SK Turm Euskirchen"]

1. e4 e6 2. d4 d5 3. Nc3 Bb4 4. e5 c5 5. a3 Bxc3+ 6. bxc3 Ne7 7. Qg4 O-O 8. Bd3
f5 9. exf6 Rxf6 10. Bg5 Rf7 11. Qh4 h6 12. Nf3 Nbc6 13. O-O c4 14. Bg6 Nxg6 15.
Bxd8 Nxh4 16. Bxh4 Bd7 1/2-1/2

[Event "Solingen"]
[Site "IX. Karnevals-Open"]
[Date "2018.02.11"]
[Round "4.11"]
[White "Asadzade, Idris"]
[Black "Nasoyan, Maksim"]
[Result "1/2-1/2"]
[WhiteElo "1971"]
[BlackElo "1893"]
[PlyCount "49"]
[EventDate "2018.??.??"]
[WhiteTeam "Königsspringer Leverkusen"]
[BlackTeam "SG Ennepe-Ruhr-Süd"]

1. c4 Nf6 2. Nf3 g6 3. g3 Bg7 4. Bg2 O-O 5. O-O d6 6. d4 c5 7. Nc3 Nc6 8. dxc5
dxc5 9. Bf4 Be6 10. Ne5 Nxe5 11. Bxe5 Bxc4 12. Bxb7 Qxd1 13. Rfxd1 Rad8 14. b3
Be6 15. Na4 c4 16. Nc5 Bd5 17. Rac1 Bxb7 18. Nxb7 Rxd1+ 19. Rxd1 cxb3 20. axb3
Rc8 21. Rd8+ Rxd8 22. Nxd8 Nd5 23. Bb8 a6 24. Nc6 Nc3 25. e3 1/2-1/2

[Event "Solingen"]
[Site "IX. Karnevals-Open"]
[Date "2018.02.11"]
[Round "4.12"]
[White "Westermann, Walter"]
[Black "Vranidis, Athanassios"]
[Result "0-1"]
[WhiteElo "1856"]
[BlackElo "1958"]
[PlyCount "102"]
[EventDate "2018.??.??"]
[WhiteTeam "SV Hilden"]
[BlackTeam "SG Solingen"]

1. e4 c5 2. c3 Nf6 3. e5 Nd5 4. d4 cxd4 5. Nf3 Nc6 6. cxd4 d6 7. exd6 Qxd6 8.
Nc3 Nxc3 9. bxc3 g6 10. Bb5 Bd7 11. O-O Bg7 12. Re1 O-O 13. Bg5 e6 14. Qd2 a6
15. Bc4 Rac8 16. Bb3 Na5 17. Ne5 Nxb3 18. axb3 Bc6 19. Bh6 Qd5 20. Nxc6 Rxc6
21. Bxg7 Kxg7 22. c4 Qd6 23. Re3 Rd8 24. Rd3 Rc7 25. Rd1 Rcd7 26. Rh3 h5 27.
Rd3 Qe7 28. Qf4 Qf6 29. Qe4 Kh7 30. h3 Kg7 31. Kf1 b5 32. cxb5 axb5 33. Rf3
Rxd4 34. Rxd4 Qxd4 35. Qxd4+ Rxd4 36. Ke2 Kf8 37. Ke3 e5 38. Rf6 Ke7 39. Rb6
Rb4 40. g4 hxg4 41. hxg4 Rxb3+ 42. Ke4 Rb4+ 43. Kxe5 Rxg4 44. Rb7+ Kf8 45. f4
g5 46. f5 Kg7 47. Rxb5 f6+ 48. Ke6 Re4+ 49. Kd6 g4 50. Rb7+ Kh6 51. Kd5 Re5+
0-1

[Event "Solingen"]
[Site "IX. Karnevals-Open"]
[Date "2018.02.11"]
[Round "4.13"]
[White "Zettl, Thomas"]
[Black "Prang, Andreas"]
[Result "1/2-1/2"]
[WhiteElo "1982"]
[BlackElo "1832"]
[PlyCount "60"]
[EventDate "2018.??.??"]
[WhiteTeam "SF Moers"]
[BlackTeam "SV Unser Fritz"]

1. c4 e5 2. Nc3 Nc6 3. g3 Bc5 4. Bg2 a6 5. d3 d6 6. h3 Ba7 7. e3 Be6 8. Nge2 f5
9. O-O Nf6 10. Nd5 O-O 11. Kh2 Rb8 12. Bd2 Ne7 13. Nxf6+ Rxf6 14. Qa4 Bd7 15.
Qc2 Bc6 16. Bc3 Bxg2 17. Kxg2 Qe8 18. Qd2 Qc6+ 19. Kh2 Qe8 20. Rac1 Rh6 21. Ng1
Qd7 22. f4 Nc6 23. b4 Re8 24. d4 exd4 25. exd4 Re4 26. Nf3 Qe8 27. Rfe1 Rhe6
28. Rxe4 Rxe4 29. Rc2 Re7 30. d5 Nd8 1/2-1/2

[Event "Solingen"]
[Site "IX. Karnevals-Open"]
[Date "2018.02.11"]
[Round "4.14"]
[White "Ostra, Noah"]
[Black "Sperling, Lennart"]
[Result "0-1"]
[WhiteElo "1793"]
[BlackElo "2043"]
[PlyCount "82"]
[EventDate "2018.??.??"]
[WhiteTeam "SG Ennepe-Ruhr-Süd"]
[BlackTeam "SG Kaarst"]

1. d4 d5 2. c4 c6 3. Nf3 Nf6 4. Nc3 g6 5. Bf4 Bg7 6. e3 O-O 7. Bd3 dxc4 8. Bxc4
b5 9. Bd3 Bb7 10. O-O a6 11. e4 e6 12. e5 Nd5 13. Nxd5 cxd5 14. Qd2 Nc6 15. Bg5
Qb6 16. Qe3 Rfc8 17. Rac1 Rc7 18. Rc5 Nxd4 19. Rxc7 Nxf3+ 20. Qxf3 Qxc7 21. Bf6
Rc8 22. h4 Bxf6 23. Qxf6 Qd8 24. Qf4 Kg7 25. Qg4 f5 26. exf6+ Qxf6 27. Re1 Re8
28. h5 e5 29. hxg6 hxg6 30. Rc1 Re7 31. Rc3 d4 32. Rc5 e4 33. Bc2 Qd6 34. Rg5
d3 35. Bd1 e3 36. fxe3 Rxe3 37. Kf2 Re4 38. Qh5 Qf4+ 39. Qf3 Qxg5 40. Qxd3
Qxg2+ 41. Kxg2 Re3+ 0-1

[Event "Solingen"]
[Site "IX. Karnevals-Open"]
[Date "2018.02.11"]
[Round "4.15"]
[White "Wilde, Justin"]
[Black "Bruil, Rembrandt"]
[Result "0-1"]
[WhiteElo "1762"]
[BlackElo "1976"]
[PlyCount "77"]
[EventDate "2018.??.??"]
[WhiteTeam "SG Kaarst"]
[BlackTeam "SK Turm Kleve"]

1. d4 d5 2. c4 c6 3. Nf3 Nf6 4. Nc3 e6 5. Bg5 Be7 6. e3 Nbd7 7. Bd3 O-O 8. O-O
a6 9. e4 dxe4 10. Nxe4 c5 11. dxc5 Nxe4 12. Bxe7 Qxe7 13. Bxe4 Nxc5 14. Bc2 b6
15. b4 Nd7 16. Qd3 Nf6 17. a3 Bb7 18. Qe3 Qc7 19. Ne5 Rfd8 20. Rfd1 h6 21. f3
Rac8 22. Rac1 b5 23. c5 Nd5 24. Qe4 Nf6 25. Qe1 Bd5 26. Rd4 Ba8 27. Rcd1 Rd5
28. Bb3 Rxe5 29. Qg3 Bd5 30. Bc2 Re2 31. Bb1 Qxg3 32. hxg3 Rb2 33. g4 Rb3 34.
R4d3 Rxd3 35. Rxd3 Kf8 36. Kf2 Ke7 37. Ke3 Rd8 38. a4 Bc6 39. Rd6 0-1

[Event "Solingen"]
[Site "IX. Karnevals-Open"]
[Date "2018.02.11"]
[Round "4.16"]
[White "Schülke, Tilman"]
[Black "Westendorp, Christian"]
[Result "1-0"]
[WhiteElo "1945"]
[BlackElo "1728"]
[PlyCount "93"]
[EventDate "2018.??.??"]
[WhiteTeam "Düsseldorfer SV"]
[BlackTeam "SV Turm Kamp-Lintfort"]

1. d4 d5 2. c3 Nf6 3. Bg5 Bf5 4. Bxf6 exf6 5. Qb3 b6 6. e3 Be7 7. c4 dxc4 8.
Bxc4 O-O 9. Bd5 c6 10. Bf3 Na6 11. a3 Rc8 12. Ne2 Rc7 13. Nd2 b5 14. O-O Be6
15. Qd3 Nc5 16. Qc2 Na4 17. Nf4 a5 18. b3 Nb6 19. Qd3 g5 20. Nxe6 fxe6 21. Rfc1
Nd5 22. Ne4 f5 23. Nc5 Qd6 24. g3 g4 25. Bg2 h5 26. e4 fxe4 27. Qxe4 Rf6 28.
Rc2 Kh8 29. Re1 Rc8 30. Qe5 Qxe5 31. Rxe5 Bxc5 32. Rxh5+ Kg7 33. Rxc5 Rcf8 34.
Rc2 Kg6 35. Re5 b4 36. Be4+ Kh6 37. Bxd5 cxd5 38. axb4 axb4 39. Rce2 Re8 40.
Rxd5 exd5 41. Rxe8 Rf3 42. Re3 Rxe3 43. fxe3 Kg5 44. Kg2 Kg6 45. h3 Kf5 46.
hxg4+ Kxg4 47. Kf2 1-0

[Event "Solingen"]
[Site "IX. Karnevals-Open"]
[Date "2018.02.11"]
[Round "4.17"]
[White "Meckel, Helmut"]
[Black "Eickholt, Marc"]
[Result "1-0"]
[WhiteElo "1751"]
[BlackElo "1944"]
[PlyCount "97"]
[EventDate "2018.??.??"]
[WhiteTeam "SG Solingen"]
[BlackTeam "ESK WD Wedau"]

1. b4 d5 2. Nf3 Nf6 3. Bb2 Bf5 4. e3 e6 5. c4 Nbd7 6. b5 Bd6 7. cxd5 exd5 8.
Be2 O-O 9. Nd4 Bg6 10. f4 Bxb1 11. Rxb1 Re8 12. Nf5 Bf8 13. O-O c5 14. bxc6
bxc6 15. g4 g6 16. Ng3 Bg7 17. g5 Ne4 18. Nxe4 Rxe4 19. Bxg7 Kxg7 20. Qc2 Re6
21. Rb7 Nb6 22. Rb1 d4 23. e4 Rd6 24. Qb3 Rd7 25. Rxd7 Qxd7 26. a4 Rd8 27. a5
Nc8 28. Qf3 d3 29. Bf1 c5 30. Rc1 Qd4+ 31. Qf2 c4 32. Qxd4+ Rxd4 33. Bg2 Nd6
34. Kf2 Nb5 35. Ke3 Kf8 36. e5 Rd8 37. Rxc4 Na3 38. Be4 Nc2+ 39. Kf2 Nd4 40.
Bxd3 Nb3 41. Ke3 Nxa5 42. Rc7 Kg7 43. e6 Re8 44. Rxf7+ Kg8 45. Rxa7 Rxe6+ 46.
Kd4 Rd6+ 47. Kc3 Nc6 48. Bc4+ Kh8 49. Ra6 1-0

[Event "Solingen"]
[Site "IX. Karnevals-Open"]
[Date "2018.02.11"]
[Round "4.18"]
[White "Pinto, Antonio"]
[Black "Rohfleisch, Daniel"]
[Result "1/2-1/2"]
[WhiteElo "1944"]
[BlackElo "1820"]
[PlyCount "43"]
[EventDate "2018.??.??"]
[WhiteTeam "Italien"]
[BlackTeam "OSC Rheinhausen"]
[WhiteTeamCountry "ITA"]

1. d4 Nf6 2. c4 e6 3. Nf3 b6 4. a3 Bb7 5. Nc3 d5 6. cxd5 Nxd5 7. Qc2 Nd7 8. e4
Nxc3 9. bxc3 c5 10. Bd3 h6 11. O-O Be7 12. Re1 O-O 13. Bf4 Rc8 14. Qd2 g5 15.
Bg3 f5 16. exf5 exf5 17. Be5 Bxf3 18. gxf3 Nxe5 19. Rxe5 cxd4 20. Bxf5 Rc5 21.
Rxc5 Bxc5 22. Be6+ 1/2-1/2

[Event "Solingen"]
[Site "IX. Karnevals-Open"]
[Date "2018.02.11"]
[Round "4.20"]
[White "Arakelian, Aik"]
[Black "Poschadel, Andreas Gregor"]
[Result "1-0"]
[WhiteElo "1924"]
[BlackElo "1691"]
[PlyCount "125"]
[EventDate "2018.??.??"]
[WhiteTeam "SG Ennepe-Ruhr-Süd"]
[BlackTeam "Hamelner SV"]

1. e4 e5 2. Bc4 Nc6 3. Nc3 Bc5 4. Nge2 Nge7 5. Na4 Bb6 6. Nxb6 axb6 7. a3 O-O
8. O-O Kh8 9. d4 Nxd4 10. Nxd4 exd4 11. Qxd4 Nc6 12. Qc3 d6 13. Bh6 f6 14. Be3
f5 15. f3 f4 16. Bf2 Qg5 17. Kh1 Rf6 18. g3 Rh6 19. gxf4 Qxf4 20. Bg1 Ra5 21.
Rf2 Rah5 22. Qd2 Qxd2 23. Rxd2 Ne5 24. Be2 Rh3 25. Rf1 Be6 26. b3 Kg8 27. Bd1
Bd7 28. Bd4 Bc6 29. c4 Kf7 30. Rff2 Ke8 31. Kg1 Rg6+ 32. Kf1 b5 33. c5 Ke7 34.
cxd6+ cxd6 35. Ke2 b4 36. a4 b5 37. a5 Bb7 38. Rc2 Nc6 39. Bb6 Kd7 40. Ke3 Re6
41. Rg2 Re7 42. Rg5 Ba6 43. Rcg2 g6 44. Be2 Rh5 45. Rxh5 gxh5 46. f4 d5 47. e5
Kc8 48. Rg8+ Kb7 49. Rg5 Nb8 50. Bxh5 Nd7 51. Bd8 Re6 52. Rg7 Kc8 53. Rg8 Kb7
54. Bg4 Rc6 55. Bxd7 Rc3+ 56. Kd4 Rxb3 57. Bb6 Rc3 58. Bc5 Rxc5 59. Kxc5 b3 60.
Bc8+ Kc7 61. Bxa6 b2 62. e6 b1=Q 63. Rc8# 1-0

[Event "Solingen"]
[Site "IX. Karnevals-Open"]
[Date "2018.02.11"]
[Round "4.21"]
[White "Becker, Carsten"]
[Black "Marchenko, Dimitrij"]
[Result "1-0"]
[WhiteElo "1847"]
[BlackElo "1618"]
[PlyCount "95"]
[EventDate "2018.??.??"]
[WhiteTeam "SF Vonkeln"]
[BlackTeam "SK Königsspringer Iserlohn"]

1. e4 e6 2. d4 d5 3. Nd2 c5 4. c3 Nc6 5. Ngf3 cxd4 6. cxd4 Nf6 7. e5 Nd7 8. a3
a5 9. Bd3 Qb6 10. Qa4 f6 11. O-O Be7 12. Re1 fxe5 13. dxe5 Nc5 14. Qb5 Qxb5 15.
Bxb5 Bd7 16. Bxc6 bxc6 17. Rb1 Rb8 18. Re3 O-O 19. b4 axb4 20. axb4 Na6 21. Ra3
Bc8 22. Rab3 Rxb4 23. Rxb4 Nxb4 24. Ba3 c5 25. Nb3 Ba6 26. Bxb4 cxb4 27. Nbd4
Bd3 28. Rc1 Rb8 29. Nc6 Rb7 30. Nxe7+ Rxe7 31. Rc8+ Kf7 32. Rb8 Ra7 33. h3 Ra1+
34. Kh2 Rb1 35. Nd4 Bc4 36. Rb7+ Kg6 37. g4 h5 38. Nxe6 hxg4 39. hxg4 d4 40.
Rxg7+ Kh6 41. g5+ Kh5 42. Nxd4 Bd5 43. e6 Kg4 44. f3+ Bxf3 45. Nxf3 Kxf3 46.
Rf7+ Kg4 47. g6 Rb2+ 48. Kg1 1-0

[Event "Solingen"]
[Site "IX. Karnevals-Open"]
[Date "2018.02.11"]
[Round "4.22"]
[White "Diegel, Jonas"]
[Black "Holdsch, Peter-Michael"]
[Result "1/2-1/2"]
[WhiteElo "1729"]
[BlackElo "1628"]
[PlyCount "89"]
[EventDate "2018.??.??"]
[WhiteTeam "SG Ennepe-Ruhr-Süd"]
[BlackTeam "SW Oberhausen"]

1. d4 d5 2. c4 c6 3. Nc3 e6 4. Nf3 Nf6 5. Bg5 Be7 6. e3 h6 7. Bh4 O-O 8. Rc1
Nbd7 9. a3 Ne4 10. Bxe7 Nxc3 11. Rxc3 Qxe7 12. Be2 dxc4 13. Bxc4 Nb6 14. Ba2
Nd5 15. Rc2 Nf6 16. O-O Qd6 17. Qe2 b6 18. Rfc1 Bb7 19. h3 Nd7 20. Rd2 Rfd8 21.
e4 Rac8 22. Rcd1 Qe7 23. Qe1 c5 24. d5 exd5 25. exd5 Qxe1+ 26. Rxe1 Re8 27.
Rde2 Kf8 28. Bc4 a6 29. a4 Rxe2 30. Rxe2 Re8 31. Rd2 Re4 32. b3 f6 33. Kf1 Ne5
34. Nxe5 fxe5 35. f3 Rd4 36. Ke2 Ke7 37. Rb2 a5 38. Rd2 Kd6 39. Ke3 Rxd2 40.
Kxd2 Bxd5 41. Bxd5 Kxd5 42. Kd3 g6 43. g3 c4+ 44. bxc4+ Kc5 45. Kc3 1/2-1/2

[Event "Solingen"]
[Site "IX. Karnevals-Open"]
[Date "2018.02.11"]
[Round "4.23"]
[White "Bünte, Kirsten"]
[Black "Reinhardt, Klaus"]
[Result "1-0"]
[WhiteElo "1433"]
[BlackElo "1834"]
[PlyCount "53"]
[EventDate "2018.??.??"]
[WhiteTeam "Rhedaer SV"]
[BlackTeam "vereinslos"]

1. d4 d5 2. c4 c6 3. e3 e6 4. Nc3 Nf6 5. Nf3 Bd6 6. Qc2 Nbd7 7. Bd3 dxc4 8.
Bxc4 O-O 9. O-O e5 10. Rd1 Qe7 11. Bd3 Re8 12. dxe5 Nxe5 13. Ne2 Bg4 14. Ned4
Nxf3+ 15. gxf3 Bh3 16. Nf5 Bxf5 17. Bxf5 Rad8 18. Kh1 g6 19. Rg1 Kh8 20. Bd3
Qe5 21. Rg2 Qh5 22. Be2 Qh3 23. Bd2 Nd5 24. Bc3+ Nxc3 25. Qxc3+ Be5 26. Qc2 Rd7
27. f4 1-0